00685nam a2200205Ia 4500003000400000008004100004020002600045040000800071100001900079245008600098260003500184300001400219365001100233901002100244902003700265903005800302942001200360952009000372999001700462LDD181029s9999 xx 000 0 und d a9780670999491c595.00 cLDD aGupta, Shekhar 0aIndia empoweredbchange agent speak on an idea whose time has comecShekhar Gupta aNew DelhibPenguin Groupc2006 axx, 379p. b595.00 a4121b21-01-2008 aI-1081b16-02-2008cFdAAKARe32 aDiscount-15bReqst by : D. Gopal  2ddccBK 00102ddc4070979999aLDDbLDDl0o303.0954 In2p063333r2018-11-01w2018-11-01yBK c80000d80000